Datum a čas kvízu
14
Celkem bodů
Celkový počet nahraných bodů na tomto kvízu bez doplňovacích otázek.
6.
Pořadí na kvízu
Konečné umístění týmu na tomto kvízu.
Zaznamenané odpovědi
| # | Otázka | Odpověď | Body | Výsledky |
|---|---|---|---|---|
| 1. | Jiří Langmajer, Zdislava Pokor... | Hejt není názor | 0 | |
| 2. | K čemu vybídl syn Joea Bidena... | C | 0 | |
| 3. | V sobotu se na pražském Výstav... | Mňága a Žďorp | 0 | |
| 4. | Kterému živočichovi, jenž pomá... | A | 0 | |
| 5. | Cyklistický závod Kolem Flande... | A | 0 | |
| 6. | Vaším prvním úkolem v dnešním... | 1C 2A 3D 4B | 0 | |
| 7. | Poznejte gangsterku dle stručn... | Dannyho parťáci (Ocean's Eleven) | 0 | |
| 8. | Italští herci Carlo Pedersoli... | Bud Spencer a Terence Hill | 0 | |
| 9. | Gangster, na kterého se ptáme,... | Jabba Hutt | 0 | |
| 10. | Uveďte jméno i příjmení postav... | John Wick | 0 |